| 000 | 00667nmm a2200217Ia 4500 | ||
|---|---|---|---|
| 008 | 251105s9999||||xx |||||||||||||||||und|| | ||
| 041 | _aspa | ||
| 100 | _aCordera, Rolando | ||
| 245 | 0 |
_aMás allá de la crisis : _b El reclamo del desarrollo |
|
| 264 |
_a[México D.C., Mexico] : _bFondo de Cultura Económica, _c2016 |
||
| 300 | _a455 páginas | ||
| 490 | _aEconomía | ||
| 650 | _aEconomics and Business | ||
| 700 | _aCordera, Rolando | ||
| 700 | 1 | _a Navarrete, Jorge Eduardo | |
| 700 | 1 | _a Provencio, Enrique | |
| 700 | 1 | _a Samaniego, Norma | |
| 700 | 1 | _a Narro Robles, José | |
| 856 | _uhttps://public.digitaliapublishing.com/a/64808 | ||
| 942 | _cCF | ||
| 999 |
_c64200 _d64200 |
||